| 000 | 01313nam0a22002891 4500 | ||
|---|---|---|---|
| 001 | rc\3344979 | ||
| 005 | 20260407080703.0 | ||
| 021 |
_aRU _b[74-20949] |
||
| 035 | _a(NLR Aleph) 007518901 | ||
| 090 |
_a7719044 _c7719044 |
||
| 100 | _a20130115d1974 |||y0rusy50 ca | ||
| 101 | 0 | _arus | |
| 102 | _aRU | ||
| 105 | _ay z ||||| | ||
| 200 | 1 |
_aОценка уровня организации процесса труда _e(Системный анализ) _fМ-во электротехн. пром-сти. Отд-ние ВНИИЭМ по науч.-техн. информации в электротехнике "Информэлектро" |
|
| 210 |
_aМосква _c[Информэнерго] _d1974 |
||
| 215 |
_a121 с. _cграф. _d21 |
||
| 300 | _aАвт. указан на обороте тит. л.: канд. экон. наук Тригер Д.Я. | ||
| 320 | _aСписок лит.: с. 119-120 (40 назв.) | ||
| 606 |
_aОрганизация труда _xСистемные методы исследования _2psbo |
||
| 700 | 1 |
_aТригер _bД.Я. _gДмитрий Яковлевич |
|
| 712 | 0 | 2 |
_4475 _aВНИИ электромеханики _9284356 _3RU\NLR\AUTH\886279 |
| 801 | 0 |
_aRU _bNLR _gpsbo |
|
| 801 | 1 |
_aRU _bELAR _2rusmarc |
|
| 852 |
_aNLR _j73-5/6951 |
||
| 942 | _cBOOK | ||
| 980 | _aNB | ||